000 00650cam a2200217 4500500
005 20260329004242.0
041 _afre
042 _adc
100 1 0 _aLacroix, Alexandre
_eauthor
245 0 0 _aPetite séance matinale d’éducation idéologique
260 _c2019.
500 _a98
690 _aAlexandee Lacroix
690 _aEmploi
690 _aJustice sociale
690 _aQualifications
690 _aSociété
690 _aTravail
786 0 _nPhilosophie magazine | 128 | 4 | 2019-04-01 | p. 1-1 | 1951-1787
856 4 1 _uhttps://shs.cairn.info/magazine-philosophie-magazine-2019-4-page-1?lang=fr&redirect-ssocas=7080
999 _c1832192
_d1832192